Adolescence, its social psychology : (Record no. 3730)
[ view plain ]
| 000 -LEADER | |
|---|---|
| fixed length control field | 00648nam a2200145 4500 |
| 050 ## - CALL NUMBER | |
| Classification number | HG796. |
| Item number | F65 |
| 100 ## - AUTHOR | |
| Personal name | C M Fleming |
| 245 ## - TITLE | |
| Title | Adolescence, its social psychology : |
| Remainder of title | with an introduction to recent findings from the fields of anthropology, physiology, medicine, psychometrics and sociometry |
| Statement of responsibility, etc | C M Fleming |
| 260 ## - PUBLICATION INFORMATION | |
| Place of publication | New York, N.Y. : |
| Name of publisher | International Universities Press, |
| Year of publication | 1957. |
| 300 ## - DESCRIPTION | |
| Number of Pages | vii, 262 pages : |
| Other physical details | illustrations ; |
| Dimensions | 22 cm |
| 500 ## - NOTES | |
| General note | Includes index |
| 505 ## - FORMATTED CONTENTS NOTE | |
| Table of Content | Part 1. The adolescent at home<br/>Part 2. The adolescent at school<br/>Part 3. On the threshold of maturity |
| 650 ## - SUBJECTS | |
| Topical Term | Adolescence. |
| 942 ## - ADDED ENTRY ELEMENTS (KOHA) | |
| Koha item type | Books |
| Withdrawn status | Lost status | Collection code | Home library | Current library | Shelving location | Date acquired | Full call number | Accession Number | Koha item type |
|---|---|---|---|---|---|---|---|---|---|
| Reference | Methodist University Library Main | Methodist University Library Main | General Stacks | 17/10/2003 | HG796. F65 | 24752 | Books |